000 00384 a2200169 4500
001 50290
020 _a8526007491
040 _cAnchieta - Bela Vista
100 _aLacerda, Nilma Gonçalves
240 1 0 _aCartas do São Francisco
_lpor
245 1 0 _aCartas do São Francisco
300 _a40
362 0 _a2001
440 1 _aGlobal
650 4 _aLiteratura juvenil
942 _cBK
999 _c50290
_d50290